Culture Générale : La Couleur Rouge - Statistiques

Statistiques générales
  • Ce quiz a été pris 237 fois
  • Le résultat moyen est 8 sur 10
Statistiques - réponses
Question Réponse % Correct
Quelle planète du Système Solaire est surnommée « La Planète Rouge » ? Mars
99%
Quel pays possède un cercle rouge au milieu d'un fond blanc sur son drapeau ? Japon
96%
Quel personnage comique porte généralement un nez rouge ? Clown
94%
Quel personnage de jeu vidéo porte en permanence une casquette rouge ? Mario
92%
Quand on rougit,on dit que l'on est rouge comme une... Tomate
92%
De quel ancien pays faisaient parti les soldats de "L'Armée Rouge" ? URSS
92%
Quel super-héros porte toujours son costume ,dont le rouge est la couleur dominante ? Spiderman
83%
Qui a écrit le roman "Le rouge et le noir" ? Stendhal
74%
Équipe de football anglaise dont les joueurs sont surnommés "Red Devils". Manchester United
69%
Qui chantait la chanson "En rouge et noir" dans les années 80 ? Jeanne Mas
52%
Aucun quiz correspondant
Distribution des résultats
% des personnes avec chaque résultat
Percentile par nombre de réponses
Votre historique - résultats
Vous n’avez pas pris ce quiz